| 000 | 00363nam a22001577a 4500 | ||
|---|---|---|---|
| 003 | CEME | ||
| 005 | 20210628202609.0 | ||
| 008 | 210316b xxu||||| |||| 00| 0 eng d | ||
| 040 | _c. | ||
| 082 | _a0333 WAS | ||
| 100 |
_aHahey Philips Ellis _960659 |
||
| 245 | _aFortran 90 programming | ||
| 260 |
_aRAWALPINDI _bPDF _c1996 |
||
| 300 | _aPDF | ||
| 942 |
_cBK _2ddc |
||
| 999 |
_c570340 _d570340 |
||